000 01603nam a22002177a 4500
999 _c61343
_d61343
003 Ge_BSU
005 20240219154843.0
008 240219s2007 ge ||||| |||| 00| 0 geo d
020 _a19875290
041 _ageo
080 _a378(479.223)(061) შ-81
245 _aშრომები :
_bტ. X. ფილოლოგიური მეცნიერებანი /
_cრედ. მამია ფაღავა; საქართველოს განათლებისა და მეცნიერების სამინისტრო. შოთა რუსთაველის სახელმწიფო უნივერსიტეტი. ჰუმანიტარულ მეცნიერებათა ფაკულტეტი.
264 _aბათუმი :
_bშოთა რუსთაველის სახელმწიფო უნივერსიტი,
_c2007.
300 _a230 გვ.;
_b26 სმ.
501 _aპარალ. სათ. რუს ენაზე
653 _aშრომები
653 _aფილოლოგია
700 _aფაღავა, მამია
_eრედაქტორი
_921253
710 _aსაქართველოს განათლებისა და მეცნიერების სამინისტრო.
_bშოთა რუსთაველის სახელმწიფო უნივერსიტეტი. ჰუმანიტარულ მეცნიერებათა ფაკულტეტი
_921254
942 _2udc
_cSHR